| 000 | 00443nam a2200193Ia 4500 | ||
|---|---|---|---|
| 003 | OSt | ||
| 005 | 20251028091500.0 | ||
| 008 | 250729s1970 xx 000 0 und d | ||
| 020 | _a978-0819904225 | ||
| 040 | _cAL | ||
| 041 | _aeng | ||
| 082 | _a158.1 NIML | ||
| 100 |
_aNimeth J Albert _9223441 |
||
| 245 | _aI like you just because | ||
| 260 |
_aChicago _c1970 |
||
| 300 | _a112p | ||
| 650 |
_aPsychology _9223442 |
||
| 942 |
_2ddc _cBED |
||
| 999 |
_c235908 _d235908 |
||